Die bekanntesten Transferströme zwischen Wolfsburg und Bremen - Statistiken

Allgemein
  • Dieses Quiz wurde 28 mal gespielt
  • Das Durchschnittsergebnis liegt bei 3 aus 6
Antwortstatistiken
Saison Abgebender Verein Aufnehmender Verein Position Ablöse in € Spielername % Korrekt
2016/2017 Wolfsburg Bremen Hängende Spitze 7.500.000 Kruse
79%
2014/2015 Wolfsburg Bremen Torwart Leihe 150.000 Casteels
75%
2012/2013 Bremen Wolfsburg Innenverteidiger 4.800.000 Naldo
67%
2022/2023 Wolfsburg Bremen Hängende Spitze Leihe Philipp
63%
2014/2015 Bremen Wolfsburg Offensives MF ablösefrei Hunt
58%
1999/2000 Bremen Wolfsburg Offensives MF ablösefrei Brand
4%
Keine übereinstimmenden Quizze gefunden
Verteilung der Resultate
Anzahl Personen mit jedem Resultat
Perzentil nach korrekt beantworteten Fragen
Ihre Resultats-Entwicklung
Sie haben dieses Quiz noch nicht gespielt